International Journal of Production Research

Saved in:
Bibliographic Details
Format: Serial
Language:English
Published: London Taylor and Francis
Tags: Add Tag
No Tags, Be the first to tag this record!

MARC

LEADER 00000nas1a2200000 4500
001 s123327
005 20250701092101.3
022 |a 1366-588X 
022 |a 0020-7543 
041 0 |a eng 
044 |a GB 
245 1 0 |a International Journal of Production Research 
264 1 |a London  |b Taylor and Francis